000 00581nam a22001817a 4500
999 _c11363
_d11363
003 AR-CdUCM
008 190403b ||||| |||| 00| 0 spa d
040 _aMUNICIPALIDAD PROVINCIAL DEL CUSCO
_cBIBLIOTECA MUNICIPAL DEL CUSCO
082 _28ed.
_a868.5 /
_bG11 / 1926
100 _aGabriel y Galan, Jose Maria
_928694
245 _aObras completas :
_bCastellanas, nuevas castellanas extremeñas /
260 _aMadrid :
_bMdrid,
_c1926.
300 _a371 páginas ;
_c19 cm.
500 _amal estado.
650 _aPoesía Española.
_9158
942 _2ddc
_cLIBROS
945 _awfj